000 00505nam a2200181Ia 4500
005 20250317125554.0
008 008 250317s9999 xx 000 0 eng d
037 _aTextbook
040 _aFMSL
_beng
_cFMSL
041 _aeng
_2eng
084 _aX:8F N4
_qFMSL
100 _aKhan M-4
_9744356
245 0 _aManagement Accounting
260 _aNew Delhi
_bNew Delhi, Tata Mc Graw-Hill
_c1984
300 _a941p
942 _cTB
_hX:8F N4
999 _c1260038
_d1260038